La acción de reducción (Registro nro. 2151)

Detalles MARC
000 -LEADER
fixed length control field 00933 a2200229 4500
001 - CONTROL NUMBER
control field 30969
005 - DATE AND TIME OF LATEST TRANSACTION
control field 20260407155618.0
008 - FIXED-LENGTH DATA ELEMENTS--GENERAL INFORMATION
fixed length control field 260407a2008 arg spa d
003 - CONTROL NUMBER IDENTIFIER
control field AR-UNSa-BCEJYS
040 ## - CATALOGING SOURCE
Original cataloging agency AR-UNSa-BCEJYS
Language of cataloging spa
Transcribing agency AR-UNSa-BCEJYS
080 ## - UNIVERSAL DECIMAL CLASSIFICATION NUMBER
Universal Decimal Classification number 347.65
Common auxiliary subdivision Derecho de sucesiones. Derecho hereditario
020 ## - INTERNATIONAL STANDARD BOOK NUMBER
International Standard Book Number 978-987-1123-51-3
041 ## - LANGUAGE CODE
Language code of text/sound track or separate title spa
100 1# - MAIN ENTRY--PERSONAL NAME
Personal name Natale, Roberto M.
245 10 - TITLE STATEMENT
Title La acción de reducción
264 #1 - PRODUCTION, PUBLICATION, DISTRIBUTION, MANUFACTURE, AND COPYRIGHT NOTICE
Place of production, publication, distribution, manufacture Córdoba :
Name of producer, publisher, distributor, manufacturer Academia Nacional de Derecho y Ciencias Sociales de Córdoba
Date of production, publication, distribution, manufacture, or copyright notice 2008
300 ## - PHYSICAL DESCRIPTION
Extent 329 p.
Dimensions 22 cm.
505 ## - FORMATTED CONTENTS NOTE
Formatted contents note 1. La libertad de testar y sus límites - 2. La legítima - 3. Determinación de la legítima - 4. Protección de la legítima. Acciones de complemento y reducción
590 ## - LOCAL NOTE (RLIN)
Local note niveau_biblio:m niveau_hierar:0
856 41 - ELECTRONIC LOCATION AND ACCESS
Uniform Resource Identifier <a href="https://biblioeco.unsa.edu.ar/pmb/images/libros/La accion de reduccion-l118587.jpg">https://biblioeco.unsa.edu.ar/pmb/images/libros/La accion de reduccion-l118587.jpg</a>
Link text Imagen de portada
Electronic format type image/jpeg
942 ## - ADDED ENTRY ELEMENTS (KOHA)
Koha item type
Existencias
Withdrawn status Lost status Damaged status Not for loan Home library Current library Shelving location Date acquired Total checkouts Full call number Barcode Date last seen Price effective from Koha item type
        Biblioteca Prof. Eusebio Cleto del Rey Biblioteca Prof. Eusebio Cleto del Rey   07/04/2026   347.65 N271 L118587 07/04/2026 07/04/2026 Libro